00499nam a22001697a 450000500170000001000150001702000260003203500140005803700130007208200100008510000160009524500790011126000460019027000560023630000190029270000180031120230921104206.0 aENG-138208 a9789355325211c575.00 aEN-121740 bDBAD/PUB a158.1 aMahesh Soma aSoft Skills/cSoma Mahesh KumarbEnhancing Personal & Professional Science aTamil NadubMc Graw Hill Education c2023 aAnjana Complex No.5/90A,Butt Road bChennaie600016 a251c23cm(pbk) aNaik, B. Ravi